banner-ar

المسالك والممالك : ويلية كتاب الخراج / (Record no. 36203)

MARC details
000 -الفاتح
حقل البيانات ثابتة الطول 00768nam a2200205Ia 4500
008 - عناصر البيانات ثابتة الطول - معلومات عامة
حقل البيانات ثابتة الطول 140319s9999 xx 000 0 ara d
040 ## - مصدر الفهرسة
وكالة الفهرسة الأصلية GCL /
وكالة النسخ GCL
082 04 - رقم تصنيف ديوى العشرى
رقم التصنيف ق
رقم المادة 910.09
-- ا م
100 1# - المدخل الرئيسى - إسم شخصى
الإسم الشخصى ابن خرداذبة : ابوالقاسم عبيدالله بن احمد الفارسى الخراسانى
245 10 - بيان العنوان
العنوان المسالك والممالك : ويلية كتاب الخراج /
بيان المسئوليه,etc ابن خرداذبة : ابوالقاسم عبيدالله بن احمد الفارسى الخراسانى
700 1# - المدخل الاضافى - اسم شخصى
الإسم الشخصى البغدادى، ابوالفرج قدامة
300 ## - الوصف المادى
التعداد 308 ص
490 ## - بيان السلسلة
عنوان السلسلة
650 04 - المدخل الاضافى بالموضوع-مصطلح موضوعى
مصطلح موضوعي مصر
650 04 - المدخل الاضافى بالموضوع-مصطلح موضوعى
مصطلح موضوعي الجغرافيا
650 04 - المدخل الاضافى بالموضوع-مصطلح موضوعى
مصطلح موضوعي وصف ورحلات
942 ## - عناصر المدخل الإضافي( كوها)
مصدر التصنيف او مخطط الترفيف Dewey Decimal Classification
Koha [default] item type كتاب
260 ## - PUBLICATION, DISTRIBUTION, ETC. (IMPRINT)
-- [S.N] :
-- دار صادر
Holdings
حالة التراجع حالة الفقد حالة تلف ليس للاعارة المكان المؤقت الموقع الحالى تاريخ الاكتساب اجمالي اﻻعارات رقم الطلب الباركود تاريخ اخر مشاهدة تاريخ تفعيل السعر نوع وعاء كوها
        مكتبة القاهرة الكبرى مكتبة القاهرة الكبرى 03/26/2014   ق\910.09\ا م 88096 03/26/2014 03/26/2014 كتاب
        مكتبة القاهرة الكبرى مكتبة القاهرة الكبرى 03/26/2014   ق\910.09\ا م 88097 03/26/2014 03/26/2014 كتاب

Powered By

EGPV